000 00334nam a2200145Ia 4500
008 210210b1902 xxu||||| |||| 00| 0 eng d
041 _aeng
082 _a825/1150
100 _aSHELLEY
245 _aSymonds
260 _aLondon
_bMacmillan & Co. Ltd.
_c1902
650 _aSymonds
690 _aEnglish Criticism
906 _a015464
999 _c134834
_d134834